[Event "WC-2021-S-00003"]
[Site "LSS email"]
[Date "2021.04.03"]
[Round "?"]
[White "Bergmann, Michael"]
[Black "Muniz, Alberto"]
[Result "1/2-1/2"]
[WhiteElo "2453"]
[BlackElo "2361"]
[PlyCount "61"]
[EventDate "2021.04.03"]
[EventType "tourn (corr)"]
[EventRounds "6"]
[EventCountry "GER"]
[SourceTitle "Corr 2024"]
[Source "ChessBase"]
[SourceDate "2023.10.19"]
[SourceVersion "1"]
[SourceVersionDate "2023.10.19"]
[SourceQuality "1"]

1. e4 c5 2. Nf3 d6 3. d4 cxd4 4. Nxd4 Nf6 5. Nc3 a6 6. Be3 e5 7. Nb3 Be6 8. f3 h5 9. Nd5 Bxd5 10. exd5 Nbd7 11. Qd2 g6 12. Be2 Bg7 13. 0-0 b6 14. Kh1 0-0 15. Rad1 Re8 16. g4 hxg4 17. fxg4 Ne4 18. Qb4 Ndc5 19. Nxc5 Nxc5 20. g5 e4 21. b3 Re7 22. Bg4 Qc7 23. Rf6 Rae8 24. Rdf1 b5 25. Qc3 Qb8 26. Bxc5 dxc5 27. Qe3 Rd8 28. c4 bxc4 29. bxc4 Qe5 30. Rc6 a5 31. h4 1/2-1/2

[Event "WC-2021-S-00003"]
[Site "LSS email"]
[Date "2021.04.03"]
[Round "?"]
[White "Misericordia, Antonio"]
[Black "Bergmann, Michael"]
[Result "1/2-1/2"]
[WhiteElo "2315"]
[BlackElo "2453"]
[PlyCount "82"]
[EventDate "2021.04.03"]
[EventType "tourn (corr)"]
[EventRounds "6"]
[EventCountry "GER"]
[SourceTitle "Corr 2024"]
[Source "ChessBase"]
[SourceDate "2023.10.19"]
[SourceVersion "1"]
[SourceVersionDate "2023.10.19"]
[SourceQuality "1"]

1. c4 Nf6 2. d4 e6 3. g3 Bb4+ 4. Bd2 Be7 5. Nf3 d5 6. Bg2 0-0 7. 0-0 c6 8. Qc2 b6 9. Rd1 Nbd7 10. Bf4 Ba6 11. Nbd2 Nh5 12. Be3 Rc8 13. Rac1 h6 14. Ne5 Nhf6 15. h4 Qe8 16. Qa4 Nb8 17. Qb3 Nbd7 18. Bf4 Nxe5 19. dxe5 Nh5 20. Be3 f5 21. exf6 Nxf6 22. Bh3 Rd8 23. Bxe6+ Kh8 24. Bd4 Bc5 25. Bxc5 bxc5 26. Bh3 Qxe2 27. Qf3 Qe5 28. Qa3 Bc8 29. Bxc8 Rxc8 30. Re1 Qf5 31. Qxc5 Ng4 32. Re2 Qd3 33. Rce1 Nxf2 34. Rxf2 Qxg3+ 35. Kf1 Qh3+ 36. Kg1 Qg3+ 37. Kf1 Qh3+ 38. Ke2 Qg4+ 39. Kd3 Qg6+ 40. Ke2 Qg4+ 41. Kf1 Qh3+ 1/2-1/2

[Event "FICGS W-ch qf1 email"]
[Site "FICGS email"]
[Date "2020.11.05"]
[Round "3"]
[White "Kruse, Herbert"]
[Black "Bergmann, Michael"]
[Result "1/2-1/2"]
[WhiteElo "2548"]
[BlackElo "2409"]
[PlyCount "77"]
[EventDate "2020.??.??"]
[EventType "match (corr)"]
[EventRounds "5"]
[SourceTitle "Corr 2022"]
[Source "ChessBase"]
[SourceDate "2021.10.24"]
[SourceVersion "1"]
[SourceVersionDate "2021.10.24"]
[SourceQuality "1"]

1. Nf3 Nf6 2. g3 c5 3. c4 d5 4. cxd5 Nxd5 5. Bg2 Nc6 6. Nc3 g6 7. h4 Bg7 8. h5 Bf5 9. h6 Bf6 10. 0-0 0-0 11. Nh2 Nc7 12. d3 Qd7 13. Bf4 Rfd8 14. Qa4 Ne6 15. Bd2 g5 16. Rae1 Rac8 17. Kh1 Kh8 18. Qd1 Bg6 19. b3 Bxc3 20. Bxc3+ f6 21. Bh3 Bh5 22. f3 Qd6 23. Kg2 Rb8 24. Bxe6 Qxe6 25. Qd2 Kg8 26. f4 gxf4 27. Qxf4 Rd5 28. g4 Bg6 29. Kg1 Rbd8 30. Nf3 Qd6 31. Qxd6 R8xd6 32. Rc1 b6 33. Kf2 Kf7 34. Rg1 Nd8 35. b4 Ne6 36. Bd2 cxb4 37. Bxb4 Rd7 38. Rc8 Rc7 39. Rxc7 1/2-1/2

[Event "WC-2020-T-00001"]
[Site "LSS email"]
[Date "2020.02.14"]
[Round "?"]
[White "Bergmann, Michael"]
[Black "Mueller, Klaus"]
[Result "1/2-1/2"]
[WhiteElo "2443"]
[BlackElo "2455"]
[PlyCount "73"]
[EventDate "2020.02.14"]
[EventType "tourn (corr)"]
[EventRounds "10"]
[EventCountry "GER"]
[SourceTitle "Corr 2022"]
[Source "ChessBase"]
[SourceDate "2021.10.24"]
[SourceVersion "1"]
[SourceVersionDate "2021.10.24"]
[SourceQuality "1"]

1. e4 e5 2. Nf3 Nc6 3. Bb5 a6 4. Ba4 Nf6 5. 0-0 Be7 6. Re1 b5 7. Bb3 0-0 8. a4 b4 9. d3 Bc5 10. Bg5 h6 11. Bh4 d6 12. Nbd2 g5 13. Bg3 Rb8 14. c3 Ba7 15. a5 Be6 16. Ba4 Nxa5 17. d4 Nh5 18. Nxe5 bxc3 19. bxc3 Nxg3 20. Nc6 Nxc6 21. Bxc6 Rb6 22. Ba4 Nxe4 23. Nxe4 Bc8 24. Bc2 c5 25. Qf3 f5 26. Ng3 Qf6 27. Re2 g4 28. Qd3 cxd4 29. Rae1 Rb7 30. Re8 Qf7 31. Rxf8+ Kxf8 32. Qxa6 Qd5 33. Qe2 Qf7 34. Qd2 f4 35. Ne4 Re7 36. Ra1 Be6 37. cxd4 1/2-1/2

[Event "WC-2020-T-00001"]
[Site "LSS email"]
[Date "2020.02.14"]
[Round "?"]
[White "Kireev, Sergey Ivanovich"]
[Black "Bergmann, Michael"]
[Result "1-0"]
[WhiteElo "2389"]
[BlackElo "2443"]
[PlyCount "64"]
[EventDate "2020.02.14"]
[EventType "tourn (corr)"]
[EventRounds "10"]
[EventCountry "GER"]
[SourceTitle "Corr 2022"]
[Source "ChessBase"]
[SourceDate "2021.10.24"]
[SourceVersion "1"]
[SourceVersionDate "2021.10.24"]
[SourceQuality "1"]

1. e4 c5 2. Nf3 d6 3. d4 cxd4 4. Nxd4 Nf6 5. Nc3 a6 6. Be3 e5 7. Nb3 Be6 8. h3 Nbd7 9. g4 h6 10. Qd3 Be7 11. 0-0-0 Rc8 12. Kb1 b5 13. f4 exf4 14. Bxf4 Ne5 15. Qg3 Qc7 16. Qg2 0-0 17. Nd5 Nxd5 18. exd5 Bd7 19. Bxe5 dxe5 20. Bd3 Rcd8 21. h4 Bc8 22. Be4 a5 23. Rd3 a4 24. Nd2 a3 25. bxa3 Rd6 26. Bf5 Ra6 27. Ne4 Bxa3 28. Rhd1 Rd8 29. Bxc8 Qxc8 30. d6 Qc4 31. g5 h5 32. g6 Kf8 1-0

[Event "WC-2020-T-00001"]
[Site "LSS email"]
[Date "2020.02.14"]
[Round "?"]
[White "Mueller, Klaus"]
[Black "Bergmann, Michael"]
[Result "1/2-1/2"]
[WhiteElo "2455"]
[BlackElo "2443"]
[PlyCount "73"]
[EventDate "2020.02.14"]
[EventType "tourn (corr)"]
[EventRounds "10"]
[EventCountry "GER"]
[SourceTitle "Corr 2022"]
[Source "ChessBase"]
[SourceDate "2021.10.24"]
[SourceVersion "1"]
[SourceVersionDate "2021.10.24"]
[SourceQuality "1"]

1. d4 Nf6 2. c4 g6 3. Nc3 Bg7 4. e4 d6 5. Be2 0-0 6. Be3 c5 7. d5 e6 8. Nf3 exd5 9. cxd5 Bg4 10. Nd2 Bxe2 11. Qxe2 Na6 12. 0-0 Re8 13. h3 Nc7 14. a4 Nxe4 15. Ndxe4 f5 16. Nxc5 dxc5 17. Qc4 Bxc3 18. Qxc3 Nxd5 19. Qb3 Qd6 20. Rfd1 Rad8 21. Qxb7 Qb6 22. Qxb6 axb6 23. Bg5 Rd7 24. a5 Ra8 25. a6 Kf7 26. Rd3 Nf6 27. Rxd7+ Nxd7 28. a7 Ke6 29. Bf4 Kd5 30. g4 Kc4 31. gxf5 gxf5 32. Bc7 Kb5 33. Kf1 c4 34. Bd6 Kc6 35. Bf4 Nc5 36. Bb8 Nd7 37. Bf4 1/2-1/2

[Event "CP-2019-Q-00002"]
[Site "LSS email"]
[Date "2019.11.27"]
[Round "?"]
[White "Lukashin, Alexandr"]
[Black "Bergmann, Michael"]
[Result "1/2-1/2"]
[WhiteElo "2023"]
[BlackElo "2470"]
[PlyCount "48"]
[EventDate "2019.12.01"]
[EventType "tourn (corr)"]
[EventRounds "6"]
[EventCountry "GER"]
[SourceTitle "Corr 2022"]
[Source "ChessBase"]
[SourceDate "2021.10.24"]
[SourceVersion "1"]
[SourceVersionDate "2021.10.24"]
[SourceQuality "1"]

1. e4 c5 2. Nf3 d6 3. d4 cxd4 4. Nxd4 Nf6 5. Nc3 a6 6. Be3 Ng4 7. Bg5 h6 8. Bh4 g5 9. Bg3 Bg7 10. h3 Ne5 11. f3 Nbc6 12. Bf2 Ng6 13. Qd2 Nxd4 14. Bxd4 Bxd4 15. Qxd4 Qa5 16. h4 gxh4 17. 0-0-0 Qg5+ 18. Kb1 Be6 19. Nd5 0-0 20. Qf2 Rac8 21. Bd3 Bxd5 22. exd5 Rc5 23. Bxg6 fxg6 24. Qxh4 Rf5 1/2-1/2

[Event "WC-2019-Q-00004"]
[Site "LSS email"]
[Date "2019.08.28"]
[Round "?"]
[White "Bergmann, Michael"]
[Black "Oliveira, Diogo"]
[Result "1-0"]
[WhiteElo "2470"]
[BlackElo "2223"]
[PlyCount "141"]
[EventDate "2019.09.01"]
[EventType "tourn (corr)"]
[EventRounds "12"]
[EventCountry "GER"]
[SourceTitle "Corr 2022"]
[Source "ChessBase"]
[SourceDate "2021.10.24"]
[SourceVersion "1"]
[SourceVersionDate "2021.10.24"]
[SourceQuality "1"]

1. e4 c5 2. Nf3 d6 3. d4 cxd4 4. Nxd4 Nf6 5. Nc3 a6 6. Be3 e5 7. Nb3 Be6 8. f3 h5 9. Nd5 Bxd5 10. exd5 Nbd7 11. Qd2 Qc7 12. Rc1 g6 13. Be2 b6 14. 0-0 Bg7 15. c4 0-0 16. Na1 Qb7 17. Nc2 b5 18. cxb5 axb5 19. Nb4 Nc5 20. Kh1 Na6 21. Rfd1 Nxb4 22. Qxb4 Rfd8 23. Qb3 Qa6 24. Ra1 Qa4 25. Qxb5 e4 26. Qxa4 Rxa4 27. a3 Rb8 28. Ra2 Nd7 29. Rb1 Nf6 30. Bd1 Raa8 31. fxe4 Nxe4 32. Bc2 Nf6 33. Bd2 Re8 34. Bd3 Nxd5 35. g3 Bd4 36. Bc4 Nb6 37. Bf1 Be3 38. Be1 d5 39. Bb5 Rec8 40. a4 Rc5 41. Rba1 Bd4 42. Bb4 Rcc8 43. Rd1 Bg7 44. a5 Nc4 45. Rxd5 Ne3 46. Rc5 Rd8 47. Rc1 Rdb8 48. Bc6 Ra6 49. Bd2 Rxb2 50. Rxb2 Bxb2 51. Rc5 Bd4 52. Bb5 Ra8 53. Rc7 Rb8 54. Bxe3 Bxe3 55. Bc4 Rb4 56. a6 Ra4 57. Bxf7+ Kf8 58. Bc4 g5 59. Kg2 g4 60. h3 Bd4 61. hxg4 hxg4 62. Kf1 Ra1+ 63. Ke2 Ke8 64. Kd3 Kd8 65. Rf7 Bb6 66. Ke4 Ra5 67. Rf5 Ra4 68. Kd5 Ke7 69. Re5+ Kf8 70. Re4 Ra3 71. Rxg4 1-0

[Event "WC-2019-Q-00004"]
[Site "LSS email"]
[Date "2019.08.28"]
[Round "?"]
[White "Bergmann, Michael"]
[Black "Roques, Pascal"]
[Result "1/2-1/2"]
[WhiteElo "2470"]
[BlackElo "2360"]
[PlyCount "58"]
[EventDate "2019.09.01"]
[EventType "tourn (corr)"]
[EventRounds "12"]
[EventCountry "GER"]
[SourceTitle "Corr 2022"]
[Source "ChessBase"]
[SourceDate "2021.10.24"]
[SourceVersion "1"]
[SourceVersionDate "2021.10.24"]
[SourceQuality "1"]

1. e4 c5 2. Nf3 d6 3. d4 cxd4 4. Nxd4 Nf6 5. Nc3 a6 6. f3 e5 7. Nb3 Be6 8. Be3 h5 9. Nd5 Bxd5 10. exd5 Nbd7 11. Qd2 g6 12. Be2 Bg7 13. 0-0 b6 14. c4 0-0 15. Rae1 Re8 16. Kh1 Rc8 17. Qd1 a5 18. Nd2 Nc5 19. b3 e4 20. f4 Qd7 21. a4 Ng4 22. Bxg4 Qxg4 23. Qxg4 hxg4 24. Bxc5 bxc5 25. Nxe4 Rcd8 26. g3 Re7 27. Ng5 Rde8 28. Rxe7 Rxe7 29. h3 Bh6 1/2-1/2

[Event "WC-2019-Q-00004"]
[Site "LSS email"]
[Date "2019.08.28"]
[Round "?"]
[White "Bergmann, Michael"]
[Black "Wisham, Clyde"]
[Result "1-0"]
[WhiteElo "2470"]
[BlackElo "2220"]
[PlyCount "131"]
[EventDate "2019.09.01"]
[EventType "tourn (corr)"]
[EventRounds "12"]
[EventCountry "GER"]
[SourceTitle "Corr 2022"]
[Source "ChessBase"]
[SourceDate "2021.10.24"]
[SourceVersion "1"]
[SourceVersionDate "2021.10.24"]
[SourceQuality "1"]

1. e4 Nc6 2. d4 d5 3. e5 f6 4. f4 Nh6 5. c3 Bg4 6. Be2 Bf5 7. Nf3 e6 8. 0-0 Be7 9. Nbd2 fxe5 10. fxe5 0-0 11. Ne1 Bg5 12. Ndf3 Bxc1 13. Rxc1 Ne7 14. Qd2 Ng6 15. Nd3 b6 16. h3 Nf7 17. Qe3 Rc8 18. Kh2 Be4 19. b4 Qe7 20. Nd2 Qg5 21. Qxg5 Nxg5 22. a4 c6 23. Nxe4 Nxe4 24. Bg4 Rce8 25. Rxf8+ Kxf8 26. g3 Ke7 27. Kg2 Nd2 28. a5 Rb8 29. Ra1 Rb7 30. Nc1 c5 31. axb6 axb6 32. Ne2 Nf8 33. Ra6 Nc4 34. Kf2 g5 35. h4 h6 36. hxg5 hxg5 37. Ra2 Ng6 38. Ng1 Ncxe5 39. dxe5 Nxe5 40. Be2 Kf6 41. Nf3 Ng4+ 42. Ke1 Rh7 43. Nd2 Ne3 44. b5 Rh8 45. g4 Rh2 46. Nf1 Nxf1 47. Kxf1 Rh1+ 48. Kf2 c4 49. Bf1 Rh8 50. Ra6 Rb8 51. Ke3 Ke5 52. Ra7 Rg8 53. Be2 Kd6 54. Bf3 Rc8 55. Rb7 Kc5 56. Rg7 Ra8 57. Rc7+ Kxb5 58. Re7 Kc5 59. Rxe6 Ra3 60. Kd2 Ra2+ 61. Kc1 Ra1+ 62. Kb2 Rf1 63. Rf6 Rf2+ 64. Kc1 Rf1+ 65. Kc2 Rf2+ 66. Kd1 1-0

[Event "WC-2019-Q-00004"]
[Site "LSS email"]
[Date "2019.08.28"]
[Round "?"]
[White "Oliveira, Diogo"]
[Black "Bergmann, Michael"]
[Result "1/2-1/2"]
[WhiteElo "2223"]
[BlackElo "2470"]
[PlyCount "61"]
[EventDate "2019.09.01"]
[EventType "tourn (corr)"]
[EventRounds "12"]
[EventCountry "GER"]
[SourceTitle "Corr 2022"]
[Source "ChessBase"]
[SourceDate "2021.10.24"]
[SourceVersion "1"]
[SourceVersionDate "2021.10.24"]
[SourceQuality "1"]

1. e4 c5 2. Nf3 d6 3. d4 cxd4 4. Nxd4 Nf6 5. Nc3 a6 6. g3 e5 7. Nde2 Be7 8. Bg2 0-0 9. 0-0 b5 10. Nd5 Nbd7 11. Nec3 Nxd5 12. Nxd5 Nf6 13. Ne3 Be6 14. Qd3 Qd7 15. b3 Rfc8 16. Bb2 a5 17. Rfd1 a4 18. Ba3 h5 19. Bb4 h4 20. Rac1 axb3 21. axb3 h3 22. Bf3 Qb7 23. Re1 Ra2 24. Ra1 Rxa1 25. Rxa1 Bf8 26. Ra5 Bd7 27. Ra1 Bc6 28. Nd5 Bxd5 29. exd5 g6 30. Rc1 Kh7 31. Ra1 1/2-1/2

[Event "WC-2019-Q-00004"]
[Site "LSS email"]
[Date "2019.08.28"]
[Round "?"]
[White "Wisham, Clyde"]
[Black "Bergmann, Michael"]
[Result "1/2-1/2"]
[WhiteElo "2220"]
[BlackElo "2470"]
[PlyCount "56"]
[EventDate "2019.09.01"]
[EventType "tourn (corr)"]
[EventRounds "12"]
[EventCountry "GER"]
[SourceTitle "Corr 2022"]
[Source "ChessBase"]
[SourceDate "2021.10.24"]
[SourceVersion "1"]
[SourceVersionDate "2021.10.24"]
[SourceQuality "1"]

1. d4 Nf6 2. c4 c6 3. Nf3 d5 4. e3 e6 5. b3 Nbd7 6. Bb2 b6 7. Bd3 Bb7 8. 0-0 Bd6 9. Nbd2 0-0 10. Ne5 Rc8 11. Qe2 Qe7 12. e4 Ba3 13. Bxa3 Qxa3 14. Nxd7 Nxd7 15. Rad1 h6 16. Qe3 Rfd8 17. h3 Ba6 18. Rfe1 dxc4 19. bxc4 e5 20. d5 Nc5 21. Bf1 Qxe3 22. Rxe3 Rc7 23. f3 Bc8 24. Ra3 Kf8 25. Nb3 Nxb3 26. axb3 c5 27. Be2 Ke7 28. f4 Kd6 1/2-1/2

[Event "WC-2019-S-00002"]
[Site "LSS email"]
[Date "2019.04.07"]
[Round "?"]
[White "Bergmann, Michael"]
[Black "Glatthaar, Michael"]
[Result "1/2-1/2"]
[WhiteElo "2457"]
[BlackElo "2534"]
[PlyCount "67"]
[EventDate "2019.04.13"]
[EventType "tourn (corr)"]
[EventRounds "12"]
[EventCountry "GER"]
[SourceTitle "Corr 2022"]
[Source "ChessBase"]
[SourceDate "2021.10.24"]
[SourceVersion "1"]
[SourceVersionDate "2021.10.24"]
[SourceQuality "1"]

1. d4 d5 2. c4 e6 3. Nf3 Nf6 4. Nc3 c6 5. Bg5 h6 6. Bh4 dxc4 7. e4 g5 8. Bg3 b5 9. Be2 Bb7 10. 0-0 Nbd7 11. Ne5 Bg7 12. Nxd7 Nxd7 13. Bd6 a6 14. a4 b4 15. Bxb4 Qb6 16. Ba3 Qxd4 17. Qc2 c5 18. Rad1 Qe5 19. Bxc4 Qc7 20. Ne2 Be5 21. Kh1 0-0 22. b3 Rfd8 23. f4 gxf4 24. Bc1 Nf6 25. Nxf4 Nxe4 26. Rde1 Rd4 27. Be3 Rd7 28. Qe2 Qd8 29. Qg4+ Qg5 30. Bxe6 Qxg4 31. Bxg4 Rd6 32. Bf3 Bc3 33. Rc1 Bb2 34. Rc2 1/2-1/2

[Event "WC-2019-S-00002"]
[Site "LSS email"]
[Date "2019.04.07"]
[Round "?"]
[White "Bergmann, Michael"]
[Black "Koch, Christian"]
[Result "1/2-1/2"]
[WhiteElo "2457"]
[BlackElo "2291"]
[PlyCount "45"]
[EventDate "2019.04.13"]
[EventType "tourn (corr)"]
[EventRounds "12"]
[EventCountry "GER"]
[SourceTitle "Corr 2022"]
[Source "ChessBase"]
[SourceDate "2021.10.24"]
[SourceVersion "1"]
[SourceVersionDate "2021.10.24"]
[SourceQuality "1"]

1. e4 c5 2. Nf3 d6 3. Bb5+ Bd7 4. Bxd7+ Qxd7 5. c4 e5 6. Nc3 Nc6 7. d3 g6 8. a3 Bg7 9. b4 Nge7 10. Rb1 0-0 11. 0-0 b6 12. Re1 Nd4 13. h3 Ne6 14. Bg5 f6 15. Be3 f5 16. Nd5 Rab8 17. bxc5 dxc5 18. Ng5 f4 19. Qg4 fxe3 20. fxe3 Nf5 21. Nxe6 Qxe6 22. exf5 gxf5 23. Qe2 1/2-1/2

[Event "WC-2019-S-00002"]
[Site "LSS email"]
[Date "2019.04.07"]
[Round "?"]
[White "Bergmann, Michael"]
[Black "Sidenko, Anatoly"]
[Result "1/2-1/2"]
[WhiteElo "2457"]
[BlackElo "2371"]
[PlyCount "67"]
[EventDate "2019.04.13"]
[EventType "tourn (corr)"]
[EventRounds "12"]
[EventCountry "GER"]
[SourceTitle "Corr 2022"]
[Source "ChessBase"]
[SourceDate "2021.10.24"]
[SourceVersion "1"]
[SourceVersionDate "2021.10.24"]
[SourceQuality "1"]

1. e4 c5 2. Nf3 d6 3. d4 cxd4 4. Nxd4 Nf6 5. Nc3 a6 6. f3 e6 7. a3 h6 8. Bc4 Qc7 9. Ba2 Nc6 10. Be3 b5 11. Nxc6 Qxc6 12. 0-0 Be7 13. Ne2 0-0 14. Qd2 e5 15. Qc3 Qb7 16. Bf2 a5 17. Rfe1 Bd7 18. Qd2 Rfd8 19. Nc1 d5 20. exd5 Be6 21. Rxe5 Bxd5 22. Qe1 Bd6 23. Bxd5 Nxd5 24. Re2 Nf4 25. Rd2 b4 26. axb4 Qxb4 27. c3 Qb5 28. g3 Nh3+ 29. Kg2 Nxf2 30. Rxf2 Bc7 31. Qe2 Qd7 32. Qc2 a4 33. Re2 Ra5 34. Re4 1/2-1/2

[Event "WC-2019-S-00002"]
[Site "LSS email"]
[Date "2019.04.07"]
[Round "?"]
[White "Sidenko, Anatoly"]
[Black "Bergmann, Michael"]
[Result "1/2-1/2"]
[WhiteElo "2371"]
[BlackElo "2457"]
[PlyCount "87"]
[EventDate "2019.04.13"]
[EventType "tourn (corr)"]
[EventRounds "12"]
[EventCountry "GER"]
[SourceTitle "Corr 2022"]
[Source "ChessBase"]
[SourceDate "2021.10.24"]
[SourceVersion "1"]
[SourceVersionDate "2021.10.24"]
[SourceQuality "1"]

1. d4 Nf6 2. c4 e6 3. Nf3 d5 4. e3 Be7 5. b3 0-0 6. Bd3 c5 7. 0-0 cxd4 8. exd4 b6 9. Bb2 Nc6 10. Nbd2 Bb7 11. Rc1 Rc8 12. Re1 Re8 13. Ne5 dxc4 14. Nxc6 Bxc6 15. bxc4 Bc5 16. Nf1 Bb4 17. Re3 Bf8 18. Re1 Bb7 19. Qe2 g6 20. Ne3 h5 21. Bc2 Bg7 22. Ba4 Re7 23. Rcd1 Ba6 24. h3 Ne4 25. Qf3 Bb7 26. Qe2 Qd6 27. f3 Ng3 28. Qd2 Kh7 29. Qc1 Qf4 30. Nd5 Qxc1 31. Bxc1 Bxd5 32. cxd5 Nf5 33. Ba3 Rec7 34. dxe6 fxe6 35. d5 exd5 36. Rxd5 Bd4+ 37. Kh2 Bf2 38. Re2 Bg3+ 39. Kg1 b5 40. Bd1 a5 41. h4 a4 42. Bb2 Ra7 43. Re4 Nd6 44. Re2 1/2-1/2

[Event "FICGS W-ch st1 gM 01 email"]
[Site "FICGS email"]
[Date "2018.11.01"]
[Round "1"]
[White "Bergmann, Michael"]
[Black "Kushnaryov, Andrey"]
[Result "1/2-1/2"]
[WhiteElo "2308"]
[BlackElo "2261"]
[PlyCount "39"]
[EventDate "2018.??.??"]
[EventType "tourn (corr)"]
[EventRounds "6"]
[EventCategory "1"]
[SourceTitle "Corr 2022"]
[Source "ChessBase"]
[SourceDate "2021.10.24"]
[SourceVersion "1"]
[SourceVersionDate "2021.10.24"]
[SourceQuality "1"]

1. e4 c5 2. Nf3 Nc6 3. Bb5 g6 4. 0-0 Bg7 5. Re1 Nf6 6. h3 0-0 7. c3 e5 8. d3 d6 9. Be3 Qb6 10. a4 Qc7 11. Nbd2 Bd7 12. Nf1 a6 13. Bc4 Rab8 14. Bb3 b5 15. axb5 axb5 16. Bg5 h6 17. Bxf6 Bxf6 18. Ne3 Ne7 19. Qd2 h5 20. Bd5 1/2-1/2

[Event "FICGS W-ch st1 gM 01 email"]
[Site "FICGS email"]
[Date "2018.11.01"]
[Round "1"]
[White "Fric, Lubos"]
[Black "Bergmann, Michael"]
[Result "1/2-1/2"]
[WhiteElo "2317"]
[BlackElo "2308"]
[PlyCount "75"]
[EventDate "2018.??.??"]
[EventType "tourn (corr)"]
[EventRounds "6"]
[EventCategory "1"]
[SourceTitle "Corr 2022"]
[Source "ChessBase"]
[SourceDate "2021.10.24"]
[SourceVersion "1"]
[SourceVersionDate "2021.10.24"]
[SourceQuality "1"]

1. e4 c5 2. Nf3 d6 3. d4 cxd4 4. Nxd4 Nf6 5. Nc3 a6 6. Be3 e6 7. Qf3 Nbd7 8. Be2 Qc7 9. g4 h6 10. h4 b5 11. a3 d5 12. g5 Nxe4 13. Nxe6 fxe6 14. Nxe4 Qxc2 15. Qh5+ Kd8 16. Ng3 Ne5 17. gxh6 Qxb2 18. 0-0 Rxh6 19. Bg5+ Be7 20. Bxh6 gxh6 21. Qxh6 Nc4 22. a4 Qf6 23. Qh7 Rb8 24. axb5 axb5 25. Ra7 Bb7 26. Bxc4 dxc4 27. Re1 Qf3 28. Qg8+ Kc7 29. Rxb7+ Rxb7 30. Rxe6 Bd8 31. Re8 Qd1+ 32. Kg2 Rb6 33. Ne4 Qh5 34. Qg3+ Kc8 35. Qh3+ Kc7 36. Qg3+ Kc8 37. Qh3+ Kc7 38. Qg3+ 1/2-1/2

[Event "FICGS W-ch cand fin email"]
[Site "FICGS email"]
[Date "2018.11.01"]
[Round "7"]
[White "Kruse, Herbert"]
[Black "Bergmann, Michael"]
[Result "1/2-1/2"]
[WhiteElo "2650"]
[BlackElo "2308"]
[PlyCount "147"]
[EventDate "2018.??.??"]
[EventType "match (corr)"]
[EventRounds "8"]
[SourceTitle "Corr 2022"]
[Source "ChessBase"]
[SourceDate "2021.10.24"]
[SourceVersion "1"]
[SourceVersionDate "2021.10.24"]
[SourceQuality "1"]

1. Nf3 c5 2. e4 d6 3. d4 cxd4 4. Nxd4 Nf6 5. Nc3 a6 6. Bg5 e6 7. f4 h6 8. Bh4 Qb6 9. a3 Be7 10. Bf2 Qc7 11. Qf3 Nbd7 12. 0-0-0 b5 13. g4 Bb7 14. Bg2 g5 15. h4 gxf4 16. g5 Ne5 17. Qxf4 hxg5 18. hxg5 Rxh1 19. Rxh1 Nfd7 20. Kb1 0-0-0 21. Nf3 Rf8 22. Rh7 Qd8 23. Bh3 Nxf3 24. Qxf3 Ne5 25. Qh5 Kb8 26. Bg3 Bxg5 27. Bxe5 dxe5 28. Rxf7 Rh8 29. Qg4 Bc8 30. Qg1 Be7 31. Qg3 Bd6 32. Bf1 Rf8 33. Rxf8 Qxf8 34. Bd3 Bd7 35. Na2 Bc6 36. Nc3 Kb7 37. Ka2 Qf6 38. b4 Qd8 39. Kb3 Qf6 40. Qg4 Bc7 41. Qe2 Qe7 42. Qe3 Qd6 43. Qh3 Bd8 44. Nd1 Qe7 45. Qg4 Bb6 46. Qg6 Bc7 47. Nc3 Bb6 48. Qh6 Qd6 49. Ne2 Qe7 50. Kb2 Kc7 51. Nc1 Qf7 52. Nb3 Kd6 53. Kb1 Qd7 54. Ka2 Qe7 55. Qd2 Kc7 56. Qc3 Qd6 57. Qe1 Bd4 58. Qh1 Bb6 59. Qh7+ Qd7 60. Qg8 Bd4 61. Qg5 Qd8 62. Qxd8+ Kxd8 63. Nxd4 exd4 64. e5 Kc7 65. c3 Bd5+ 66. Kb2 dxc3+ 67. Kxc3 Kb6 68. Kd4 a5 69. Be2 axb4 70. axb4 Bb3 71. Bd3 Bd5 72. Be2 Kc6 73. Bd3 Kb6 74. Be2 1/2-1/2

[Event "CP-2018-P-00031"]
[Site "LSS email"]
[Date "2018.09.27"]
[Round "?"]
[White "Shim Ng Min, Francis"]
[Black "Bergmann, Michael"]
[Result "0-1"]
[WhiteElo "1250"]
[BlackElo "2459"]
[PlyCount "36"]
[EventDate "2018.10.01"]
[EventType "tourn (corr)"]
[EventRounds "6"]
[EventCountry "GER"]
[SourceTitle "Corr 2022"]
[Source "ChessBase"]
[SourceDate "2021.10.24"]
[SourceVersion "1"]
[SourceVersionDate "2021.10.24"]
[SourceQuality "1"]

1. e4 c5 2. Nf3 d6 3. d4 cxd4 4. Nxd4 Nf6 5. Nc3 a6 6. Be3 e6 7. Be2 Qc7 8. 0-0 b5 9. a3 Bb7 10. f3 Be7 11. Qe1 0-0 12. Qg3 Rc8 13. Bd3 Nbd7 14. Qh3 Ne5 15. Rac1 Qb8 16. f4 Nc4 17. e5 dxe5 18. fxe5 Qxe5 0-1

[Event "CP-2018-P-00031"]
[Site "LSS email"]
[Date "2018.09.27"]
[Round "?"]
[White "Yarmolyuk, Yury"]
[Black "Bergmann, Michael"]
[Result "1-0"]
[WhiteElo "2282"]
[BlackElo "2459"]
[PlyCount "63"]
[EventDate "2018.10.01"]
[EventType "tourn (corr)"]
[EventRounds "6"]
[EventCountry "GER"]
[SourceTitle "Corr 2022"]
[Source "ChessBase"]
[SourceDate "2021.10.24"]
[SourceVersion "1"]
[SourceVersionDate "2021.10.24"]
[SourceQuality "1"]

1. Nf3 d5 2. d4 Nf6 3. c4 c6 4. Nc3 e6 5. Bg5 h6 6. Bh4 dxc4 7. e4 g5 8. Bg3 b5 9. Be2 Bb7 10. h4 g4 11. Ne5 Nbd7 12. Nxd7 Qxd7 13. Be5 Qe7 14. b3 Rg8 15. Qc2 Nd7 16. Bg3 b4 17. Na4 c3 18. a3 a5 19. 0-0 h5 20. e5 Bh6 21. Rfd1 Rh8 22. Bc4 Rd8 23. Qe4 Kf8 24. Bd3 Rc8 25. axb4 axb4 26. Bf4 Kg7 27. Bxh6+ Rxh6 28. Qf4 c5 29. dxc5 Nxc5 30. Qxb4 Rhh8 31. Bc2 Ra8 32. Nxc5 1-0